Matrimonios de Celebridades - ¡Muerte súbita! - Estadísticas

Estadísticas generales
  • Esta prueba ha sido intentada 50 veces
  • La puntuación promedio es 8 de 20
Answers on the Grid
Answers color-coded by a green-red scale on the quiz's grid according to % correct below.
Al Pacino
Amber Heard
Angelina Jolie
Ben Affleck
Billy Bob Thornton
Brad Pitt
Calista Flockhart
Colin Farrell
Elizabeth Taylor
Emily Blunt
George Clooney
Goldie Hawn
Harrison Ford
Jack Nicholson
Jennifer Aniston
Jennifer Garner
Jennifer Lopez
John Krasinski
Johnny Depp
Katie Holmes
Keanu Reeves
Keith Urban
Leonardo DiCaprio
Marc Anthony
Matt Damon
Nicole Kidman
Oprah Winfrey
Richard Burton
Tom Cruise
Tom Holland
 
Estadísticas de respuestas
Respuesta % Correcto
Angelina Jolie
83%
Brad Pitt
78%
Amber Heard
72%
Johnny Depp
69%
Ben Affleck
61%
Jennifer Lopez
56%
Jennifer Aniston
50%
Tom Cruise
47%
Marc Anthony
44%
Nicole Kidman
42%
Emily Blunt
36%
Katie Holmes
33%
Jennifer Garner
31%
Elizabeth Taylor
28%
John Krasinski
28%
Keith Urban
25%
Richard Burton
25%
Billy Bob Thornton
14%
Harrison Ford
14%
Calista Flockhart
11%
No se encontraron pruebas coincidentes
Distribución de puntuación
Porcentaje de gente con cada puntuación
Porcentaje por número respondido
Historial de tus puntuaciones
No has intentado esta prueba.